000 00982nam a22003497a 4500
001 0014403
003 KOHA_MİRAKIL
005 20260207001954.0
007 ta
008 100303b1996 tu |||gr||||#||||0|tur |
020 _a9759603942
040 _aTR-BiSEU
_btur
_cTR-BiSEU
_erda
041 0 _atur
044 _ctu
050 _aLB1049
_b.T87 1996
100 1 _aTürkoğlu, Adil.
245 1 _aDers çalışma becerileri/
_cAdil Türkoğlu ; Adil Türkoğlu, Ahmet Doğanay, Ali Yıldırım.
264 1 _aAdana :
_bBaki Kitap ve Yayınevi
_c1996
300 _a 285 sayfa; 20 cm.
336 _ametin
_btxt
_2rdacontent
337 _aaracısız
_bn
_2rdamedia
338 _acilt
_bnc
_2rdacarrier
490 0 _aYayın no.
490 0 _a04.
500 _aKaynakça var.
650 0 _aÖğrenme.
_910635
650 0 _aDers çalışma.
_933677
650 0 _aOkuma kavrayışı.
_933678
830 0 _aYayın no.
_91619
830 0 _a04.
_97246
942 _2lcc
_cBK
999 _c14366
_d14366